| 000 | 00280 a2200085 4500 | ||
|---|---|---|---|
| 082 | _a005.3 CON | ||
| 245 |
_aManuale di Istruzioni Instruction Manual / _cControls Group Instruction Manual |
||
| 260 |
_aUK : _bControls Group Instruction Manual _c2007 |
||
| 300 |
_a28p. : _bill. ; _c30 cm |
||
| 650 | _aComputer Software | ||
| 999 |
_c2037 _d2037 |
||